Normal view
MARC view
- NETWORKS CLIENT SERVER NETWORKS
Entry Topical Term
001 - CONTROL NUMBER
- control field: 77622
003 - CONTROL NUMBER IDENTIFIER
- control field: NUST
005 - DATE AND TIME OF LATEST TRANSACTION
- control field: 20210628205941.0
008 - FIXED-LENGTH DATA ELEMENTS
- fixed length control field: 210628|| aca||aabn | a|a d
040 ## - CATALOGING SOURCE
- Original cataloging agency: NUST
- Transcribing agency: NUST
150 ## - HEADING--TOPICAL TERM
- Topical term or geographic name entry element: NETWORKS CLIENT SERVER NETWORKS
670 ## - SOURCE DATA FOUND
- Source citation: Work cat.: (NUST): Witherspoon, Coletta Witherspoon, Craig 77621, Optimizing client-server networks, 1995
